On the possibility of frictional damping with reduced wear: A note on the applicability of archards law of adhesive wear under conditions of fretting; Physical Mesomechanics; Vol. 21, iss. 1

Bibliographische Detailangaben
Parent link:Physical Mesomechanics
Vol. 21, iss. 1.— 2018.— [P. 94-98]
1. Verfasser: Li Qiang
Körperschaft: Национальный исследовательский Томский политехнический университет (ТПУ) Инженерная школа новых производственных технологий (ИШНПТ) Отделение материаловедения (ОМ)
Weitere Verfasser: Popov V. L. Valentin Leonidovich
Zusammenfassung:Title screen
Based on the recent proof of the existence of a critical length scale controlling mechanisms of adhesive wear, we discuss conditions under which the energy dissipation rate and the wear rate in oscillating contacts may become uncoupled. This potentially opens up a possibility of using frictional damping with low wear rate.
Режим доступа: по договору с организацией-держателем ресурса
Sprache:Englisch
Veröffentlicht: 2018
Schlagworte:
Online-Zugang:https://doi.org/10.1134/S1029959918010137
Format: MixedMaterials Elektronisch Buchkapitel
KOHA link:https://koha.lib.tpu.ru/cgi-bin/koha/opac-detail.pl?biblionumber=663958

MARC

LEADER 00000naa0a2200000 4500
001 663958
005 20250429134246.0
035 |a (RuTPU)RU\TPU\network\35128 
035 |a RU\TPU\network\35093 
090 |a 663958 
100 |a 20210319d2018 k||y0rusy50 ba 
101 1 |a eng 
102 |a US 
135 |a drcn ---uucaa 
181 0 |a i  
182 0 |a b 
200 1 |a On the possibility of frictional damping with reduced wear: A note on the applicability of archards law of adhesive wear under conditions of fretting  |f Li Qiang, V. L. Popov 
203 |a Text  |c electronic 
300 |a Title screen 
320 |a [References: 98 (30 tit.)] 
330 |a Based on the recent proof of the existence of a critical length scale controlling mechanisms of adhesive wear, we discuss conditions under which the energy dissipation rate and the wear rate in oscillating contacts may become uncoupled. This potentially opens up a possibility of using frictional damping with low wear rate. 
333 |a Режим доступа: по договору с организацией-держателем ресурса 
461 |t Physical Mesomechanics 
463 |t Vol. 21, iss. 1  |v [P. 94-98]  |d 2018 
610 1 |a труды учёных ТПУ 
610 1 |a электронный ресурс 
610 1 |a wear 
610 1 |a fretting 
610 1 |a frictional damping 
610 1 |a Archard's law 
610 1 |a демпфирование 
610 1 |a трение 
610 1 |a износ 
610 1 |a фреттинг-износ 
700 0 |a Li Qiang 
701 1 |a Popov  |b V. L.  |c physicist  |c leading researcher of Tomsk Polytechnic University, Doctor of physical and mathematical sciences  |f 1959-  |g Valentin Leonidovich  |3 (RuTPU)RU\TPU\pers\35915 
712 0 2 |a Национальный исследовательский Томский политехнический университет (ТПУ)  |b Инженерная школа новых производственных технологий (ИШНПТ)  |b Отделение материаловедения (ОМ)  |3 (RuTPU)RU\TPU\col\23508 
801 0 |a RU  |b 63413507  |c 20210319  |g RCR 
850 |a 63413507 
856 4 |u https://doi.org/10.1134/S1029959918010137 
942 |c CF